Introduction to positive economics (Record no. 5640)

000 -LEADER
fixed length control field 00453nam a22001817a 4500
001 - CONTROL NUMBER
control field 5640
003 - CONTROL NUMBER IDENTIFIER
control field BD-DhUET
008 - FIXED-LENGTH DATA ELEMENTS--GENERAL INFORMATION
fixed length control field 141127b xxu||||| |||| 00| 0 eng d
040 ## - CATALOGING SOURCE
Transcribing agency 0
Modifying agency BD-DhUET
082 ## - DEWEY DECIMAL CLASSIFICATION NUMBER
Classification number 330
Item number LIP/1971
100 ## - MAIN ENTRY--PERSONAL NAME
Personal name Lipsey, Richard G.
245 ## - TITLE STATEMENT
Title Introduction to positive economics
250 ## - EDITION STATEMENT
Edition statement 3rd ed.
260 ## - PUBLICATION, DISTRIBUTION, ETC. (IMPRINT)
Name of publisher, distributor, etc. English Language Book
Place of publication, distribution, etc. Hampshire
Date of publication, distribution, etc. 1971
300 ## - PHYSICAL DESCRIPTION
Extent xx, 740 p.
Other physical details ill.
Dimensions 26 cm.
650 #0 - SUBJECT ADDED ENTRY--TOPICAL TERM
Topical term or geographic name as entry element Economics
942 ## - ADDED ENTRY ELEMENTS (KOHA)
Koha item type General Book
Holdings
Withdrawn status Koha collection Location (home branch) Piece designation (barcode) Price effective from Damaged status Date acquired Source of classification or shelving scheme Not for loan Copy number Koha normalized classification for sorting Shelving location Koha full call number Koha item type Sublocation or collection (holding branch) Lost status Koha date last seen
  Central Library, BUET236932014-11-27 2014-11-27  1330LIP1971Circulation section330/LIP/1971General BookCentral Library, BUET 2014-11-27
  Central Library, BUET237022014-11-27 2014-11-27  2330LIP1971Circulation section330/LIP/1971General BookCentral Library, BUET 2014-11-27
  Central Library, BUET236892015-01-27 2015-01-27  3330_000000000000000_LIP_1971Circulation section330/LIP/1971General BookCentral Library, BUET 2015-01-27
  Central Library, BUET236842015-01-27 2015-01-27  4330_000000000000000_LIP_1971Circulation section330/LIP/1971General BookCentral Library, BUET 2015-01-27
  Central Library, BUET237102015-01-27 2015-01-27  5330_000000000000000_LIP_1971Circulation section330/LIP/1971General BookCentral Library, BUET 2015-01-27
  Central Library, BUET237132015-01-27 2015-01-27  6330_000000000000000_LIP_1971Circulation section330/LIP/1971General BookCentral Library, BUET 2015-01-27
  Central Library, BUET236902015-01-27 2015-01-27  7330_000000000000000_LIP_1971Cataloging section330/LIP/1971General BookCentral Library, BUET 2015-01-27
  Central Library, BUET236982015-01-27 2015-01-27  8330_000000000000000_LIP_1971Circulation section330/LIP/1971General BookCentral Library, BUET 2015-01-27
  Central Library, BUET236852015-01-27 2015-01-27  9330_000000000000000_LIP_1971Circulation section330/LIP/1971General BookCentral Library, BUET 2015-01-27
  Central Library, BUET237122015-01-27 2015-01-27  10330_000000000000000_LIP_1971Circulation section330/LIP/1971General BookCentral Library, BUET 2015-01-27
 Non FictionCentral Library, BUET236772015-01-28 2015-01-28  4330_000000000000000_LIP_1971Circulation section330/LIP/1971General BookCentral Library, BUET 2015-01-28
 Non FictionCentral Library, BUET237062015-01-28 2015-01-28  30330_000000000000000_LIP_1971Circulation section330/LIP/1971General BookCentral Library, BUET 2015-01-28
 Non FictionCentral Library, BUET237052015-01-28 2015-01-28  29330_000000000000000_LIP_1971Circulation section330/LIP/1971General BookCentral Library, BUET 2015-01-28
 Non FictionCentral Library, BUET236802015-01-28 2015-01-28  16330_000000000000000_LIP_1971Circulation section330/LIP/1971General BookCentral Library, BUET 2015-01-28
  Central Library, BUET236912015-04-20 2015-04-20  15330_000000000000000_LIP_1971Circulation section330/LIP/1971General BookCentral Library, BUET 2015-04-20